000 00378nam a22001577a 4500
003 MPLRDC
005 20220104114449.0
008 210129b ||||| |||| 00| 0 eng d
082 _a857.63 CKL v.226
100 _a岑凯伦
245 _a三个佳人
_c
260 _a
_b汉麟出版社
_c1981
300 _b
650 _a短篇小说--别集
942 _cBK
_o857.63 CKL v.226
999 _c7676
_d7666